000 00274nam a2200109Ia 4500
008 200302s9999 xx 000 0 und d
100 _aBo Bergstrom
245 _aEssentials of Visual Communication
260 _bLaurence King Publishing Ltd.,
260 _c2008
300 _a240
999 _c7253
_d7253